Öt bajnokságot nyert a KEAC az országos főiskolai versenyen

Elmentve itt :
Bibliográfiai részletek
Dokumentumtípus: Cikk
Megjelent: 1936-06-03
Sorozat:Délmagyarország
Kulcsszavak:KEAC, Sport, Országos főiskolai sportverseny
Online Access:http://univ.bibl.u-szeged.hu/33992
LEADER 00492nab a2200157 i 4500
001 univ33992
005 20171214105338.0
008 171214s1936 hu o 0|| zxx d
040 |a SZTE UnivHistória Repozitórium  |b hun 
041 |a zxx 
245 0 0 |a Öt bajnokságot nyert a KEAC az országos főiskolai versenyen  |h [elektronikus dokumentum] 
260 |c 1936-06-03 
300 |a 11 
490 0 |a Délmagyarország 
561 |a Egyetemi hirarchívum 
695 |a KEAC, Sport, Országos főiskolai sportverseny